Loading...
| History - European | 0 | 8 | 2 | 4 | 70 | 103 | 126.25 | 0 | 1 | 0.00 | 0.00 |
| Religion | 0 | 7 | 1 | 1 | 65 | 67 | 110.86 | 1 | 2 | 0.00 | 0.00 |
| Literature - World | 0 | 7 | 2 | 0 | 60 | 64 | 112.57 | 1 | 4 | 0.00 | 0.00 |
| History - Other | 0 | 7 | 3 | 0 | 55 | 104 | 119.29 | 0 | 0 | 0.00 | 0.00 |
| History - World | 0 | 8 | 6 | 0 | 50 | 52 | 92.38 | 1 | 4 | 0.00 | 0.00 |
| Literature - British | 0 | 6 | 2 | 2 | 50 | 64 | 121.33 | 0 | 1 | 0.00 | 0.00 |
| Philosophy | 0 | 4 | 0 | 2 | 40 | 134 | 139.25 | 0 | 0 | 0.00 | 0.00 |
| Fine Arts - Other | 0 | 5 | 2 | 0 | 40 | 91 | 122.20 | 0 | 0 | 0.00 | 0.00 |
| Literature - American | 0 | 5 | 2 | 1 | 40 | 123 | 145.20 | 0 | 0 | 0.00 | 0.00 |
| Current Events | 0 | 4 | 1 | 0 | 35 | 95 | 107.50 | 0 | 0 | 0.00 | 0.00 |
| Mythology | 0 | 3 | 0 | 1 | 30 | 65 | 93.00 | 0 | 0 | 0.00 | 0.00 |
| Social Science | 0 | 4 | 2 | 1 | 30 | 60 | 102.00 | 1 | 1 | 0.00 | 0.00 |
| Geography | 0 | 4 | 2 | 0 | 30 | 86 | 107.00 | 0 | 1 | 0.00 | 0.00 |
| History - American | 0 | 3 | 2 | 0 | 20 | 105 | 110.00 | 0 | 1 | 0.00 | 0.00 |
| Other Academic | 0 | 2 | 1 | 1 | 15 | 125 | 130.50 | 0 | 0 | 0.00 | 0.00 |
| Fine Arts - Painting & Sculpture | 0 | 2 | 1 | 1 | 15 | 106 | 117.00 | 0 | 0 | 0.00 | 0.00 |
| Science - Biology | 0 | 2 | 1 | 0 | 15 | 80 | 102.50 | 0 | 1 | 0.00 | 0.00 |
| Fine Arts - Classical Music | 0 | 1 | 0 | 0 | 10 | 126 | 126.00 | 0 | 0 | 0.00 | 0.00 |
| Science - Other | 0 | 1 | 0 | 0 | 10 | 106 | 106.00 | 0 | 0 | 0.00 | 0.00 |
| Literature - European | 0 | 2 | 3 | 0 | 5 | 140 | 146.50 | 0 | 0 | 0.00 | 0.00 |